Geboren in Saarlouis - Statistiken

Allgemein
  • Dieses Quiz wurde 30 mal gespielt
  • Das Durchschnittsergebnis liegt bei 2 aus 7
Antwortstatistiken
Hinweis Antwort % Korrekt
SPD-Politiker und früherer Bundesaußenminister 1966 Heiko Maas
66%
Politiker (Die Linke), ehemaliger SPD-Bundesvorsitzender und Ministerpräsident des Saarland 1943 Oskar Lafontaine
66%
Torwart, VfB Stuttgart 1997 Florian Müller
45%
deutscher Dartspieler und Achtelfinalist bei der WM 2021 1983 Gabriel Clemens
45%
wichtiger französischer General zur Zeit Napoleons 1769 Michel Ney
10%
Schauspielerin, bekannt durch ihre Rolle im Saarland-"Tatort" neben Devid Striesow 1972 Elisabeth Brück
7%
Überlebende des KZ Auschwitz-Birkenau, die durch ihr antifaschistisches Engagement in der Bundesrepublik bekannt wurde 1924 Esther Bejarano
3%
Keine übereinstimmenden Quizze gefunden
Verteilung der Resultate
Anzahl Personen mit jedem Resultat
Perzentil nach korrekt beantworteten Fragen
Ihre Resultats-Entwicklung
Sie haben dieses Quiz noch nicht gespielt